| 000 | 00554nam a2200193Ia 4500 | ||
|---|---|---|---|
| 003 | OSt | ||
| 005 | 20191224123813.0 | ||
| 008 | 190216s9999||||xx |||||||||||||| ||und|| | ||
| 020 | _a9789332518247 | ||
| 040 | _coclc | ||
| 082 |
_a339 _bABE/M |
||
| 100 |
_aAbel, Andrew B _9711 |
||
| 245 | 0 |
_aMacroeconomics / _cAndrew B Abel ; Ben S Bernanke ; Dean Croushore |
|
| 250 | _a8th ed. | ||
| 260 |
_bPearson Education Asia, _c2015. _aNew Delhi: |
||
| 300 | _a619p | ||
| 650 | _aEconomics | ||
| 942 |
_cBK _2ddc _h339 _iABE/M _k339 _mABE/M |
||
| 999 |
_c11375 _d11375 |
||